000 00820cam a2200217 4500
001 WB3632-29
008 000000n2000 000 0 eng u
035 _a(Sirsi) u107805
245 _aMarket town pilot
260 _c2000
490 _aCountryside Focus
_v(August/September) 2000, 3;
490 _aPlanning (for the Natural and Built Environment)
_v(1382) 18 August 2000, 7(2)
520 _aThe Countryside Agency and Yorkshire Forward have launched a six year programme to promote and develop market towns in Yorkshire and the Humber. Financial assistance will be provided to encourage economic growth and improve local services.
590 _aWB
650 _aMARKET TOWNS
650 _aCOUNTRYSIDE AGENCY
650 _aYORKSHIRE
650 _aECONOMIC GROWTH
690 _aREGENERATION
942 _n0
999 _c64392
_d64392